Estadísticas para Estados de EE. UU. que Limitan a Canadá

Haz click aquí para tomar la prueba!

Estadísticas generales

  • Esta prueba ha sido tomada 138 veces
  • La puntuación promedio es 9 de 11

Estadísticas de respuestas

Estado % Correcto
Washington
98%
Dakota del Norte
92%
Montana
85%
Michigan
84%
Maine
84%
Idaho
81%
Nueva York
80%
Vermont
76%
Minnesota
70%
Alaska
63%
Nuevo Hampshire
60%

Distribución de puntuación

Porcentaje por número respondido

Porcentaje de gente con cada puntuación

Historial de tus puntuaciones

No has tomado esta prueba